Human Rights Awareness and Advocacy Role of Youth/ (Record no. 210165)

MARC details
000 -LEADER
fixed length control field 00641nam a22001937a 4500
005 - DATE AND TIME OF LATEST TRANSACTION
control field 20250307142933.0
010 ## - LCCN (DPL NO)
LC control number ENG-144004
020 ## - INTERNATIONAL STANDARD BOOK NUMBER
Terms of availability 300.00
International Standard Book Number 9789386501462
035 ## - SYSTEM CONTROL NUMBER
System control number EN-127536
037 ## - SOURCE OF ACQUISITION
Source of stock number/acquisition DBAD
082 ## - DEWEY DECIMAL CLASSIFICATION NUMBER
Classification number 323.4
100 ## - MAIN ENTRY--PERSONAL NAME
Personal name Ashifa, K.M.
245 ## - TITLE STATEMENT
Title Human Rights Awareness and Advocacy Role of Youth/
Statement of responsibility, etc By K.M. Ashifa
250 ## - EDITION STATEMENT
Edition statement 1
260 ## - PUBLICATION, DISTRIBUTION, ETC. (IMPRINT)
Name of publisher, distributor, etc Archers & Elevators Publishing House
Place of publication, distribution, etc Bangalore
Date of publication, distribution, etc 2018
270 ## - ADDRESS
Address 131 AGB Lay Out, 6"Cross, Hesaraghatta,Main Road
City Bangalore
Postal code 560090
Telephone number 9164362263
Electronic mail address archerselevators@gamail.com
300 ## - PHYSICAL DESCRIPTION
Extent 222p.
Dimensions 22cm(pb)
942 ## - ADDED ENTRY ELEMENTS (KOHA)
Source of classification or shelving scheme Dewey Decimal Classification
Item type English Books
Classification part 323.4
Call number suffix ASH
Holdings
Withdrawn status Lost status Not for loan Collection code Home library Current library Date acquired Source of acquisition Cost, normal purchase price Full call number Barcode Copy number Cost, replacement price Koha item type
    Not For Loan Non-fiction D.B.Act.Division D.B.Act.Division 07/03/2025 Delivery of Books Act Division 300.00 323.4 ASH EN-127536 1 300.00 English Books

© Delhi Public Library
Hit Counter
free hit counter